Optics (Registro nro. 31069)

Detalles MARC
001 - NÚMERO DE CONTROL
campo de control 37660
005 - FECHA Y HORA DE LA ÚLTIMA TRANSACCIÓN
campo de control 20260504072019.0
008 - DATOS DE LONGITUD FIJA--INFORMACIÓN GENERAL
campo de control de longitud fija 960313s1981 eng
035 ## - NÚMERO DE CONTROL DEL SISTEMA
Número de control de sistema 37660
035 ## - NÚMERO DE CONTROL DEL SISTEMA
Número de control de sistema (OCoLC)778086265
040 ## - FUENTE DE LA CATALOGACIÓN
Centro/agencia transcriptor comduadb
041 ## - CÓDIGO DE LENGUA
Código de lengua del texto/banda sonora o título independiente eng
082 #4 - NÚMERO DE LA CLASIFICACIÓN DECIMAL DEWEY
Número de clasificación 535
100 10 - ENTRADA PRINCIPAL--NOMBRE DE PERSONA
Nombre de persona Ghatak, Ajoy
Código de función aut
Término indicativo de función/relación Autor/a
9 (RLIN) 253752
245 10 - MENCIÓN DE TÍTULO
Título Optics
250 ## - MENCIÓN DE EDICIÓN
Mención de edición 01.ED
260 ## - PUBLICACIÓN, DISTRIBUCIÓN, ETC.
Lugar de publicación, distribución, etc. India :
Nombre del editor, distribuidor, etc. Data Mc Graw Hill,
Fecha de publicación, distribución, etc. 1981.
300 ## - DESCRIPCIÓN FÍSICA
Extensión 538 páginas
650 #7 - PUNTO DE ACCESO ADICIONAL DE MATERIA--TÉRMINO DE MATERIA
Término de materia o nombre geográfico como elemento de entrada Óptica
Fuente del encabezamiento o término lemb
9 (RLIN) 671
942 ## - ELEMENTOS DE ENTRADA AGREGADA (KOHA)
Tipo de ítem Koha Libros
Existencias
Estado de retiro Estado de pérdida Estado dañado No para préstamo Código de colección Localización permanente Ubicación/localización actual Fecha de adquisición Número de inventario Total de préstamos Signatura topográfica completa Código de barras Fecha visto por última vez Número de copia Precio válido a partir de Tipo de ítem Koha
        Colección General Piso 2 Biblioteca Carlos Gaviria Díaz, Campus Medellín Biblioteca Carlos Gaviria Díaz, Campus Medellín 29/04/1998 C63925   535.2 G4110 61000001229828 13/08/2024 1 20/04/2023 Libros